000 00615nam a22002297a 4500
003 UA-OsUOA
001 67432
007 ta
008 20100223b un ||||| |||| 00| 0 ukr d
090 _a94(100)
_bВ84
942 _cBK
040 _aUA-OsUOA
_bukr
_cUA-OsUOA
_dUA-OsUOA
245 _aВсесвітня історія 1914 - 1939
_bНавчальний посібник для 10 класу
_cЯ. Бердичевський
300 _a415 с.
955 _a2
041 _aukr
080 _a94(100)
020 _a966-539-246-8
260 _aК.
_bА. С. К.
_c2000
650 7 _2UDC
999 _c353493
_d353493